Konsolidácie nevýhodných úverov prečo ich potrebujeme?
Základné podmienky pre poskytnutie nového úveru, konsolidujúceho staré výdavky klienta. Determinanty, ktoré ovplyvňujú výhodnosť konsolidácie. Primárne ciele a realizácia konsolidácie nevýhodných úverov.
Salvato in:
| Autore principale: | |
|---|---|
| Natura: | Capitolo di libro |
| Lingua: | slovacco |
| Soggetti: | |
| Tags: |
Nessun Tag, puoi essere il primo ad aggiungerne!!
|
MARC
| LEADER | 00000naa a2200000 4500 | ||
|---|---|---|---|
| 001 | 0175063 | ||
| 005 | 20230912102351.9 | ||
| 041 | 0 | |a slo | |
| 044 | |a SK | ||
| 245 | 1 | 0 | |a Konsolidácie nevýhodných úverov |b prečo ich potrebujeme? |c Caroline Líšková |
| 520 | |a Základné podmienky pre poskytnutie nového úveru, konsolidujúceho staré výdavky klienta. Determinanty, ktoré ovplyvňujú výhodnosť konsolidácie. Primárne ciele a realizácia konsolidácie nevýhodných úverov. | ||
| 610 | 2 | 0 | |a úver |
| 610 | 2 | 0 | |a účty úverové |
| 610 | 2 | 0 | |a miera úroková |
| 610 | 2 | 0 | |a sadzby úrokové |
| 610 | 2 | 0 | |a úrok |
| 610 | 2 | 0 | |a disciplína platobná |
| 610 | 2 | 0 | |a konsolidácia |
| 100 | 1 | |a Líšková, Caroline | |